000 00292nam a22001337a 4500
008 170621b xxu||||| |||| 00| 0 eng d
020 _a9780521465885
041 _aeng
080 _a94
100 _a16
101 _aSHH
245 _aTHE ATLANTIC SLAVE TRADE
_cKLEIN,H.S
942 _2udc
_cBK
999 _c18412
_d18412